Normal view
MARC view
- Biotechnology and Food Security
Entry Uniform Title
001 - CONTROL NUMBER
- control field: 14502
003 - CONTROL NUMBER IDENTIFIER
- control field: NUST
005 - DATE AND TIME OF LATEST TRANSACTION
- control field: 20190523062657.0
008 - FIXED-LENGTH DATA ELEMENTS
- fixed length control field: 190523|| aca||aabn | a|a d
040 ## - CATALOGING SOURCE
- Original cataloging agency: NUST
- Transcribing agency: NUST
130 ## - HEADING--UNIFORM TITLE
- Uniform title: Biotechnology and Food Security
670 ## - SOURCE DATA FOUND
- Source citation: Work cat.: (NUST)16443: P.C.Trivedi 14501, Biotechnology and Food Security., 2008
